| 000 | 01544nam a2200337 4500 | ||
|---|---|---|---|
| 001 | 0000019148 | ||
| 003 | CO-CtgCURN | ||
| 005 | 20250329190957.0 | ||
| 007 | ta | ||
| 008 | 160627s2000 000 0 eng d | ||
| 020 | _a9701703995 | ||
| 040 |
_aCO-CtgCURN _bspa _ccoctgcurn |
||
| 082 | 0 |
_a621.381952 _bT164o |
|
| 100 | 1 | _aTanenbaum, Andrew S. | |
| 245 | 1 | 0 |
_aOrganizacion de computadoras : _bun enfoque estructurado / _cAndrew S. Tanenbaum , con la colaboracion de James R. Goodman , traducción Luis Roberto Escalona García, revision tecnica Alma Corral López. |
| 250 | _a4a ed. | ||
| 260 |
_aMexico : _bPearson Educación, _c2000. |
||
| 300 | _axviii, 669 p. | ||
| 336 | _2rdacontent | ||
| 337 |
_2rdamedia _asin mediacion _bn |
||
| 338 |
_2rdacarrier _avolumen _bnc |
||
| 500 | _aIncluye resumen al final de cada capitulo. | ||
| 504 | _aBibliografia (p. 620) | ||
| 505 | 8 | _aIntroducción.--Organizacion de los sentidos de computadoras.--El nivel de logica digital.--El nivel de microarquitectura.--El nivel de arquitectura de conjunto de instrucciones.--El nivel de maquinas de sistemas operativos.--El nivel de lenguaje ensamblador.--Arquitecturas de computadoras paralelas.--Listas de lecturas y bibliografias.--Numeros binarios | |
| 534 | _aTitulo original: Structured computer organization. | ||
| 650 | 1 | 4 |
_aComputadores _vOrganizacion. |
| 700 | 1 | _aGoodman, James E. | |
| 908 | _a160627 | ||
| 942 |
_cBK _h621.381952 _iT164o _2ddc |
||
| 999 |
_c10057 _d10057 |
||